La Formule 1 dans le monde - Statistiques

Statistiques générales
  • Ce quiz a été pris 3 442 fois
  • Le résultat moyen est 29 sur 35
Réponses sur la Carte
Les réponses sont colorées sur une échelle allant du rouge au vert en fonction du pourcentage des utilisateurs qui les ont devinées à leur premier essai. Vous pouvez retrouver ces pourcentages ci-dessous.
 
Statistiques - réponses
Pays % Correct
Espagne
99%
France
99%
Australie
98%
Brésil
98%
Canada
98%
Etats-Unis
98%
Italie
98%
Allemagne
97%
Chine
97%
Mexique
97%
Royaume-Uni
97%
Japon
96%
Belgique
95%
Portugal
95%
Russie
95%
Argentine
92%
Pays-Bas
90%
Autriche
88%
Afrique du Sud
87%
Inde
84%
Suisse
84%
Hongrie
83%
Arabie Saoudite
80%
Monaco
79%
Maroc
78%
Turquie
77%
Suède
73%
Singapour
72%
Bahreïn
69%
Azerbaïdjan
68%
Émirats arabes unis
68%
Corée du Sud
66%
Malaisie
63%
Luxembourg
42%
Saint-Marin
41%
Aucun quiz correspondant
Distribution des résultats
% des personnes avec chaque résultat
Percentile par nombre de réponses
Votre historique - résultats
Vous n’avez pas pris ce quiz